ठोस-अपशिष्ट के पर्यावरणीय पक्ष / (Record no. 118730)
[ view plain ]
| 000 -LEADER | |
|---|---|
| fixed length control field | 01239nam a22002657a 4500 |
| 005 - DATE AND TIME OF LATEST TRANSACTION | |
| control field | 20170124103120.0 |
| 010 ## - LIBRARY OF CONGRESS CONTROL NUMBER | |
| LC control number | B-077566 |
| 020 ## - INTERNATIONAL STANDARD BOOK NUMBER | |
| Terms of availability | 200.00 |
| 035 ## - SYSTEM CONTROL NUMBER | |
| System control number | B-077566 |
| 037 ## - SOURCE OF ACQUISITION | |
| Source of stock number/acquisition | Cen Lib/Ret |
| 040 ## - CATALOGING SOURCE | |
| Original cataloging agency | DPL |
| Language of cataloging | HN |
| 082 ## - DEWEY DECIMAL CLASSIFICATION NUMBER | |
| Classification number | 363.728 |
| Item number | जेठूब |
| 100 ## - MAIN ENTRY--PERSONAL NAME | |
| Personal name | जेठू, बजरंगलाल |
| 9 (RLIN) | 81652 |
| 245 ## - TITLE STATEMENT | |
| Title | ठोस-अपशिष्ट के पर्यावरणीय पक्ष / |
| Statement of responsibility, etc | बजरंगलाल जेठू |
| 246 ## - VARYING FORM OF TITLE | |
| Title proper/short title | Thos-apshisth ke paryavarneey paksh / |
| Remainder of title | by Bajranglal Jethu |
| 260 ## - PUBLICATION, DISTRIBUTION, ETC. (IMPRINT) | |
| Place of publication, distribution, etc | राजस्थान |
| Name of publisher, distributor, etc | मनरूप प्रकाशन |
| Date of publication, distribution, etc | 2001 |
| 270 ## - ADDRESS | |
| City | राजस्थान |
| Address | जेठ्वास-दांतरू, लक्ष्मणगड, सीकर |
| Postal code | 332311 |
| 300 ## - PHYSICAL DESCRIPTION | |
| Extent | 135पृ. |
| Dimensions | 20सेमी(सजिल्द) |
| 500 ## - GENERAL NOTE | |
| General note | संदर्भ शामिल |
| 650 ## - SUBJECT ADDED ENTRY--TOPICAL TERM | |
| Topical term or geographic name as entry element | ठोस-अपशिष्ट -- प्रकृति |
| 9 (RLIN) | 1793 |
| 650 ## - SUBJECT ADDED ENTRY--TOPICAL TERM | |
| Topical term or geographic name as entry element | ठोस-अपशिष्ट -- परिणाम एवं गुणवत्ता |
| 9 (RLIN) | 81653 |
| 650 ## - SUBJECT ADDED ENTRY--TOPICAL TERM | |
| Topical term or geographic name as entry element | Solid-waste - Nature |
| 9 (RLIN) | 81654 |
| 650 ## - SUBJECT ADDED ENTRY--TOPICAL TERM | |
| Topical term or geographic name as entry element | Solid-waste - results and quality |
| 9 (RLIN) | 81655 |
| 942 ## - ADDED ENTRY ELEMENTS (KOHA) | |
| Source of classification or shelving scheme | Dewey Decimal Classification |
| Koha item type | Hindi Books |
| Classification part | 363.728 |
| Call number suffix | जेठूब |
| Withdrawn status | Lost status | Damaged status | Not for loan | Home library | Current library | Date acquired | Source of acquisition | Cost, normal purchase price | Total Checkouts | Full call number | Barcode | Date last seen | Copy number | Cost, replacement price | Price effective from | Koha item type |
|---|---|---|---|---|---|---|---|---|---|---|---|---|---|---|---|---|
| Central Library | Central Library | 12/09/2015 | Cen Lib/Ret | 200.00 | 363.728 जेठूब | B-077566 | 12/09/2015 | 1 | 200.00 | 12/09/2015 | Hindi Books |
